Analysis of ordinal categorical data
Na minha lista:
| Autor principal: | |
|---|---|
| Formato: | Livro |
| Idioma: | inglês |
| Publicado em: |
Hoboken
John Wiley & Sons
2010
|
| Edição: | 2nd ed. |
| Colecção: | Wiley series in probability and statistics
|
| Assuntos: | |
| Tags: |
Sem tags, seja o primeiro a adicionar uma tag!
|
MARC
| LEADER | 00000nam a2200000 4500 | ||
|---|---|---|---|
| 001 | 0135460 | ||
| 005 | 20240306135532.0 | ||
| 020 | |a 978-0-470-08289-8 | ||
| 041 | 0 | |a eng | |
| 044 | |a US | ||
| 245 | 1 | 0 | |a Analysis of ordinal categorical data |c Alan Agresti |
| 250 | |a 2nd ed. | ||
| 264 | 1 | |a Hoboken |b John Wiley & Sons |c 2010 | |
| 300 | |a 396 s. | ||
| 490 | 1 | |a Wiley series in probability and statistics | |
| 830 | 0 | |a Wiley series in probability and statistics | |
| 610 | 2 | 0 | |a modelovanie |
| 610 | 2 | 0 | |a analýza regresná |
| 610 | 2 | 0 | |a pravdepodobnosť |
| 610 | 2 | 0 | |a štatistika aplikovaná |
| 610 | 2 | 0 | |a modely regresné |
| 610 | 2 | 0 | |a modely lineárne |
| 610 | 2 | 0 | |a modely logistické |
| 610 | 2 | 0 | |a dáta |
| 610 | 2 | 0 | |a analýzy |
| 610 | 2 | 0 | |a metódy matematicko-štatistické |
| 100 | 1 | |a Agresti, Alan | |